| 000 | 00815cam a22002772i 4500 | ||
|---|---|---|---|
| 001 | 977484 | ||
| 003 | YEEZEN | ||
| 005 | 20260106133955.0 | ||
| 008 | 251013s2025 ch e 000 0 chi d | ||
| 020 |
_a9786264175364 _q(平裝) : _cNT$500 |
||
| 040 |
_aCIP _dYMG _bchi _cYMG |
||
| 042 | _anbic | ||
| 084 |
_a525.833/101 _2ncsclt |
||
| 090 |
_a525.833/101 _b8923 |
||
| 100 | 1 | _a朱乙真 | |
| 245 | 1 | 0 |
_a一代藥學人的突圍 : _b北醫藥學的榮耀開創 / _c朱乙真, 邵冰如, 陳培思, 黃筱珮著 |
| 250 | _a第一版 | ||
| 260 |
_a臺北市 : _b遠見天下文化, _c2025.08 |
||
| 300 |
_a239面 : _b彩圖 ; _c23公分 |
||
| 610 | 2 | 7 |
_2lcstt _a臺北醫學大學 _b藥學系 |
| 650 | 7 |
_2lcstt _a人物志 |
|
| 700 | 1 | _a邵冰如 | |
| 700 | 1 | _a陳培思 | |
| 700 | 1 | _a黃筱珮 | |
| 942 |
_2ccl _cBOOK |
||
| 999 |
_c7677 _d7677 |
||